Xây dựng và sử dụng hệ thống bài tập thí nghiệm phần "Điện - Điện từ" vật lý 11 nhằm bồi dưỡng học sinh giỏi vật lý.

Cơ sở lí luận và cơ sở thực tiễn của việc xây dựng và sử dụng bài tập thí nghiệm nhằm bồi dưỡng học sinh giỏi. Xây dựng và sử dụng hệ thống bài tập thí nghiệm phần “ Điện – Điện từ” Vật lí 11nhằm bồi dưỡng học sinh giỏi Vật lí....

Ausführliche Beschreibung

Gespeichert in:
Bibliographische Detailangaben
1. Verfasser: Vi Biên Cương
Weitere Verfasser: Tôn Diệu Nga TS. (Hướng dẫn)
Format: Buch
Sprache:Vietnamese
Veröffentlicht: Hà nội Đại học Quốc gia Hà Nội - Trường ĐH Giáo dục 2013
Schlagworte:
Tags: Tag hinzufügen
Keine Tags, Fügen Sie den ersten Tag hinzu!
Thư viện lưu trữ: Mạng thư viện Đại học Đà Nẵng
LEADER 01971nam a2200373 4500
001 000020328
003 16773
005 20150316130340.0
008 150316s2013 viesd
041 |a vie 
082 1 4 |a 537.076  |b VI-C 
100 |a Vi Biên Cương 
245 1 |a Xây dựng và sử dụng hệ thống bài tập thí nghiệm phần "Điện - Điện từ" vật lý 11 nhằm bồi dưỡng học sinh giỏi vật lý.  |c Vi Biên Cương ; Tôn Diệu Nga hướng dẫn.  |k Luận văn Thạc sĩ 
260 |a Hà nội  |b Đại học Quốc gia Hà Nội - Trường ĐH Giáo dục  |c 2013 
300 |a 112 tr.  |c 29 cm. 
500 |a Luận văn thạc sĩ Khoa học. Chuyên ngành: Lý luận và phương pháp dạy học ( bộ môn Vật Lý). Mã số: 60.14.10 
520 |a Cơ sở lí luận và cơ sở thực tiễn của việc xây dựng và sử dụng bài tập thí nghiệm nhằm bồi dưỡng học sinh giỏi. Xây dựng và sử dụng hệ thống bài tập thí nghiệm phần “ Điện – Điện từ” Vật lí 11nhằm bồi dưỡng học sinh giỏi Vật lí. 
650 0 4 |a Điện - điện từ  |v Luận văn tôt nghiệp  |x Phương pháp dạy học  |x Hệ thống bài tập 
653 |a Vật lý 11 
653 |a Phương pháp dạy học 
653 |a Điện - điện từ 
653 |a Phướng pháp dạy học môn Lý 
653 |a Giáo dục THPT 
700 1 |a Tôn Diệu Nga  |c TS.  |e Hướng dẫn 
OWN |a LSP 
AVA |a UDN50  |b LSP  |d 537.076 VI-C  |e available  |t Error 5001 Not defined in file expand_doc_bib_avail.  |f 1  |g 0  |h N  |i 0  |k 1 
999 |a From the UDN01 
AVA |a UDN50  |b LSP  |d 537.076 VI-C  |e available  |t Error 5001 Not defined in file expand_doc_bib_avail.  |f 1  |g 0  |h N  |i 0  |k 1 
TYP |a Monograph 
TYP |a Printed language 
980 |a Mạng thư viện Đại học Đà Nẵng